|
|
|
|
| LEADER |
00000cam a2200000 7i4500 |
| 001 |
0000001350 |
| 005 |
20220105103920.0 |
| 008 |
070702 |
| 020 |
|
|
|a 9839675133(set)
|
| 020 |
|
|
|a 9839675192
|
| 090 |
0 |
0 |
|a JP
|b MAL (1064)
|
| 100 |
0 |
|
|a Fatiqa Oky
|
| 245 |
1 |
0 |
|a Khalid
|c Fatiqa Oky
|
| 260 |
|
|
|a Selangor :
|b Pustaka Emas ,
|c 2005
|
| 440 |
|
|
|a Siri kehidupan bermasyarakat
|
| 500 |
|
|
|a Children age 4-6 years old (yellow)
|
| 650 |
|
0 |
|a Children stories, Malay
|
| 999 |
|
|
|a 0000959351
|b Book
|c Children Collection
|e Perbadanan Perpustakaan Awam Johor
|
| 999 |
|
|
|a 0000959352
|b Book
|c Children Collection
|e Cawangan Bandar Tenggara
|
| 999 |
|
|
|a 0000959353
|b Book
|c Children Collection
|e Cawangan Kota Tinggi
|
| 999 |
|
|
|a 0000959354
|b Book
|c Children Collection
|e Perbadanan Perpustakaan Awam Johor
|
| 999 |
|
|
|a 0000959355
|b Book
|c Children Collection
|e Cawangan Mersing
|
| 999 |
|
|
|a 0000986617
|b Book
|c Children Collection
|e Cawangan Pontian
|
| 999 |
|
|
|a 0001077084
|b Book
|c Children Collection
|e Cawangan Bukit Gambir
|